[Event "Open Vitrolles 2022/2023"]
[Site "Vitrolles"]
[Date "2022.12.03"]
[Round "3.4"]
[White "Piquemal, Jean-Christophe"]
[Black "Benoit-Lizon, Alain"]
[Result "0-1"]
[WhiteElo "1199"]
[BlackElo "1387"]
[PlyCount "78"]

1. d4 Nf6 2. c4 e6 3. Nc3 Bb4 4. Qc2 d5 5. Nf3 c5 6. e3 O-O 7. Bd3 dxc4 8. Bxc4
cxd4 9. exd4 Nc6 10. Be3 a6 11. O-O-O b5 12. Bb3 Bb7 13. Kb1 Na5 14. Ka1 Nxb3+
15. Qxb3 Bxc3 16. bxc3 Bd5 17. Qb4 Qc7 18. Rc1 Rfc8 19. h4 Ne4 20. Kb2 a5 21.
Qa3 Qb7 22. Ka1 Rc4 23. Qb2 Rac8 24. Nd2 Rxc3 25. Nxe4 Rxc1+ 26. Rxc1 Rxc1+ 27.
Bxc1 Bxe4 28. g3 f6 29. f4 b4 30. Qe2 Qd5 31. Be3 h5 32. Qb2 Bf5 33. Qc1 Qf3
34. Qe1 Kf7 35. Kb2 Qg2+ 36. Qf2 Qe4 37. Kb3 Qc6 38. Qe2 Qc3+ 39. Ka4 Qa3+ 0-1

[Event "Open Vitrolles 2022/2023"]
[Site "Vitrolles"]
[Date "2022.12.03"]
[Round "3.6"]
[White "Cens, Alain"]
[Black "Bouriel, Michel"]
[Result "1-0"]
[WhiteElo "1462"]
[BlackElo "1324"]
[PlyCount "93"]

1. c4 c5 2. g3 d6 3. Bg2 Nf6 4. Nc3 g6 5. e4 Bg7 6. Nge2 O-O 7. O-O Nc6 8. d3
Rb8 9. h3 a6 10. a4 Bd7 11. Be3 Nb4 12. d4 cxd4 13. Nxd4 Qc8 14. Kh2 Qxc4 15.
Rc1 Qc7 16. Nd5 Qa5 17. Nxe7+ Kh8 18. Bf4 Ne8 19. b3 Qd8 20. Nd5 Nxd5 21. exd5
Kg8 22. Re1 Qb6 23. Be3 Qd8 24. Qd2 b5 25. Nc6 Bxc6 26. Rxc6 b4 27. Qd3 a5 28.
Rec1 Nf6 29. Bf4 Ne8 30. Qe3 Qd7 31. h4 f5 32. Re1 Rd8 33. Qe6+ Qf7 34. Bxd6
Nxd6 35. Rxd6 Rxd6 36. Qxd6 Qa7 37. Kg1 Bc3 38. Re7 Qa8 39. Qe6+ Kh8 40. d6 Qd8
41. d7 Qc7 42. Re8 Bg7 43. Rxf8+ Bxf8 44. Qe8 Kg7 45. d8=Q Qc5 46. Qed7+ Kh6
47. Qg5# 1-0

[Event "Open Vitrolles 2022/2023"]
[Site "Vitrolles"]
[Date "2022.12.03"]
[Round "3.7"]
[White "Coquet, Bruno"]
[Black "Briquet, Xavier"]
[Result "1-0"]
[WhiteElo "1146"]
[BlackElo "1424"]
[PlyCount "70"]

1. e4 e5 2. Nf3 Nc6 3. Bc4 Bc5 4. c3 Nf6 5. d4 exd4 6. e5 Qe7 7. O-O Ng8 8. Bg5
Qf8 9. cxd4 Be7 10. Re1 h6 11. Bxe7 Ngxe7 12. Nc3 b6 13. Nb5 Bb7 14. Nxc7+ Kd8
15. Nxa8 Bxa8 16. Rc1 Nf5 17. Ba6 Nfe7 18. Qc2 Nd5 19. a3 Nc7 20. Bd3 g5 21.
Bf5 Rg8 22. b4 g4 23. Nd2 Nb5 24. Re4 h5 25. d5 Ne7 26. Rc4 Bb7 27. Ne4 Nxa3
28. Qa4 Nxf5 29. Qxa3 a6 30. Rc7 a5 31. Rxb7 Qh6 32. Rb8+ Ke7 33. bxa5+ Nd6 34.
Rxg8 bxa5 35. Qxd6+ Qxd6 1-0

[Event "Open Vitrolles 2022/2023"]
[Site "Vitrolles"]
[Date "2022.12.03"]
[Round "3.8"]
[White "Mangin, Raphael"]
[Black "Rannou, Danielle"]
[Result "1-0"]
[WhiteElo "1419"]
[BlackElo "1097"]
[PlyCount "81"]

1. d4 d5 2. c4 e6 3. Nc3 Bb4 4. a3 Bxc3+ 5. bxc3 Nf6 6. Bg5 h6 7. Bh4 O-O 8.
Nf3 b6 9. cxd5 exd5 10. e3 Bb7 11. Bd3 Nbd7 12. O-O Re8 13. Qb3 c5 14. c4 g5
15. Bg3 Qe7 16. Rfe1 Qe6 17. Ne5 Ne4 18. Bxe4 dxe4 19. Nxd7 Qxd7 20. d5 h5 21.
h3 h4 22. Bh2 g4 23. hxg4 Qxg4 24. Bf4 h3 25. Bg3 Kg7 26. Qd1 Qg6 27. gxh3 Rh8
28. Qg4 Qxg4 29. hxg4 Bc8 30. g5 Rh5 31. Be5+ Kg6 32. f4 Bg4 33. Kf2 Rh2+ 34.
Kg3 Re2 35. Kxg4 Rg2+ 36. Kh3 Rf2 37. Kg3 Rf3+ 38. Kg2 Kf5 39. Re2 Kg4 40. Rg1
Rg3+ 41. Kf1 1-0

[Event "Open Vitrolles 2022/2023"]
[Site "Vitrolles"]
[Date "2022.12.03"]
[Round "3.9"]
[White "Bregier, Gerard"]
[Black "De Moura Navalho, Joao-Curtis"]
[Result "1-0"]
[WhiteElo "1340"]
[BlackElo "1158"]
[PlyCount "51"]

1. d4 d5 2. Nc3 Nf6 3. Bf4 Bf5 4. e3 e6 5. f3 Bb4 6. g4 Bg6 7. h4 h6 8. Bd3 Nc6
9. Bxg6 fxg6 10. Qd3 Kf7 11. Nge2 a6 12. O-O-O Bd6 13. Kb1 Nb4 14. Qd2 g5 15.
hxg5 hxg5 16. Bxg5 c5 17. a3 Nc6 18. e4 Rxh1 19. Rxh1 dxe4 20. fxe4 Qa5 21. e5
cxd4 22. Nxd4 Bxe5 23. Bxf6 Bxf6 24. Nb3 Bxc3 25. Qd7+ Kf8 26. Rh8# 1-0

[Event "Open Vitrolles 2022/2023"]
[Site "Vitrolles"]
[Date "2022.12.03"]
[Round "3.10"]
[White "Guillaud, Florence"]
[Black "Javos, Yves-Andre"]
[Result "0-1"]
[WhiteElo "1199"]
[BlackElo "1310"]
[PlyCount "60"]

1. e4 c5 2. d4 cxd4 3. Qxd4 Nc6 4. Qd1 d6 5. Bc4 Nf6 6. Nc3 a6 7. Nf3 e6 8. O-O
Be7 9. Bd2 O-O 10. Qe2 b5 11. Bd3 Nb4 12. Nd4 Nxd3 13. cxd3 Bb7 14. e5 dxe5 15.
Qxe5 Nd7 16. Qg3 Bf6 17. Ne4 Bxd4 18. Bh6 Bxe4 19. dxe4 Qf6 20. Be3 Bxb2 21.
Rae1 Qg6 22. Qd6 Ne5 23. Qd1 Nc4 24. Bc1 Bxc1 25. Qxc1 Ne5 26. Re3 Rac8 27. Qb2
Nc4 28. Qd4 Nxe3 29. fxe3 Rc2 30. a4 Qxg2# 0-1

[Event "Open Vitrolles 2022/2023"]
[Site "Vitrolles"]
[Date "2022.12.03"]
[Round "3.11"]
[White "Cortes-Sobral, Maria"]
[Black "Schoeni, Christine"]
[Result "0-1"]
[WhiteElo "1199"]
[BlackElo "1199"]
[PlyCount "186"]

1. c3 d5 2. d4 Nc6 3. Nd2 Nf6 4. e3 e5 5. Be2 exd4 6. cxd4 Bb4 7. a3 Bxd2+ 8.
Bxd2 O-O 9. Nf3 Ne4 10. Qc2 Bd7 11. Bd3 Bf5 12. g3 a6 13. Nh4 Qd7 14. f4 Bg4
15. Be2 Ne7 16. f5 Bxe2 17. Kxe2 Nxf5 18. Ng2 c6 19. Nf4 Nxd2 20. Qxd2 Rae8 21.
Ng2 Qe7 22. Kd1 Nxe3+ 23. Nxe3 Qxe3 24. Qxe3 Rxe3 25. Re1 Rd3+ 26. Kc2 Rxd4 27.
Re3 Re4 28. Kd3 Rxe3+ 29. Kxe3 h6 30. Kd4 f6 31. Kc5 Rf7 32. Re1 Kh7 33. h4 f5
34. Kd6 f4 35. g4 f3 36. Rf1 d4 37. g5 h5 38. Ke6 Rf4 39. Ke5 Rxh4 40. Rxf3 Rg4
41. Kf5 Rg1 42. Rh3 g6+ 43. Ke4 c5 44. Kd3 Rxg5 45. Rf3 Rf5 46. Rg3 Kh6 47. Ke4
Rg5 48. Rf3 b6 49. Rf8 Rg4+ 50. Kd3 Kg5 51. Re8 Rg3+ 52. Kc4 Rf3 53. Re5+ Rf5
54. Re2 Kf6 55. Re8 Kg5 56. b3 h4 57. Re1 b5+ 58. Kd3 Rf3+ 59. Ke4 Rf4+ 60. Ke5
d3 61. Rg1+ Rg4 62. Rd1 Rg3 63. Ke4 c4 64. bxc4 bxc4 65. Kd4 Rg4+ 66. Kc3 h3
67. a4 a5 68. Re1 h2 69. Rh1 Rh4 70. Kd2 Kg4 71. Ke3 g5 72. Kd2 Kh3 73. Rf1 Rf4
74. Rh1 Kg2 75. Re1 Rf2+ 76. Kc3 Re2 77. Rb1 h1=Q 78. Rxh1 Kxh1 79. Kxc4 d2 80.
Kd3 g4 81. Kxe2 g3 82. Kxd2 g2 83. Kd3 g1=Q 84. Kc4 Qa1 85. Kb5 Qe5+ 86. Ka6
Kg2 87. Kb6 Kf3 88. Kc6 Qe4+ 89. Kb6 Qxa4 90. Kc5 Qb4+ 91. Kd5 a4 92. Ke6 a3
93. Kf5 a2 0-1

[Event "Open Vitrolles 2022/2023"]
[Site "Vitrolles"]
[Date "2022.12.03"]
[Round "3.12"]
[White "Pietrac, Christian"]
[Black "Daubord, Christophe"]
[Result "1-0"]
[WhiteElo "1170"]
[BlackElo "1199"]
[PlyCount "129"]

1. Nf3 e6 2. d4 b6 3. g3 Bb7 4. Bg2 Nc6 5. c3 Qe7 6. e4 O-O-O 7. e5 Kb8 8. O-O
Rc8 9. b4 Nd8 10. Ba3 Qe8 11. Bb2 f6 12. a4 Nf7 13. a5 b5 14. a6 Ba8 15. Re1 d6
16. Qd3 c6 17. Na3 g5 18. c4 bxc4 19. Qxc4 d5 20. Qc3 h5 21. Qb3 g4 22. Nh4
Ngh6 23. Bf1 Nf5 24. b5 Kc7 25. bxc6 Kd8 26. c7+ Rxc7 27. Qb8+ Kd7 28. Bb5+ Bc6
29. Qxe8+ Kxe8 30. Rac1 Ne7 31. Bd3 Nh6 32. Ng6 Nxg6 33. Bxg6+ Ke7 34. Bxh5 f5
35. Rb1 Rg8 36. Rec1 Rg5 37. Nb5 Rd7 38. Rxc6 Rxh5 39. Ba3+ Kf7 40. Bxf8 Kxf8
41. Rc8+ Kg7 42. Nd6 Kg6 43. Rb7 Rg7 44. Rxg7+ Kxg7 45. Rc7+ Kg6 46. Rxa7 Ng8
47. Rc7 Rh8 48. a7 Nh6 49. Rc8 Rh7 50. a8=Q Rg7 51. Qa6 Kg5 52. Rc6 Re7 53. Nc8
Re8 54. Rxe6 Rxe6 55. Qxe6 f4 56. Qf6+ Kh5 57. Qxf4 Kg6 58. e6 Kg7 59. e7 Ng8
60. e8=R Nf6 61. Qg5+ Kf7 62. Re7+ Kf8 63. Qxf6+ Kg8 64. Qf7+ Kh8 65. Qh7# 1-0

[Event "Open Vitrolles 2022/2023"]
[Site "Vitrolles"]
[Date "2023.01.07"]
[Round "4.1"]
[White "Duval, Jean-Pierre"]
[Black "Chauvet, Joelle"]
[Result "1-0"]
[WhiteElo "1622"]
[BlackElo "1406"]
[PlyCount "59"]
[WhiteTeam "Puy Ste Réparade"]
[BlackTeam "Club d'Echecs de Meyreuil"]

1. d4 d5 2. e3 e6 3. Bd3 Be7 4. f4 Nf6 5. Nd2 O-O 6. Ngf3 c5 7. c3 h6 8. O-O c4
9. Bb1 Ng4 10. Qe1 f5 11. Ne5 Nxe5 12. fxe5 Bg5 13. Nf3 Nd7 14. Nxg5 Qxg5 15.
e4 f4 16. Rf3 Qe7 17. Bxf4 g5 18. Qg3 Qg7 19. Bd2 b5 20. Rxf8+ Nxf8 21. Bc2 Bb7
22. exd5 exd5 23. Rf1 Re8 24. Qg4 Bc8 25. Qh5 Re7 26. Rf6 Re6 27. Bf5 Rxf6 28.
exf6 Qxf6 29. Bxc8 Ne6 30. Qe8+ 1-0

[Event "Open Vitrolles 2022/2023"]
[Site "Vitrolles"]
[Date "2023.01.07"]
[Round "4.2"]
[White "Kosteniuk, Kristina"]
[Black "Benoit-Lizon, Alain"]
[Result "1-0"]
[WhiteElo "1577"]
[BlackElo "1395"]
[PlyCount "103"]
[WhiteTeam "Hay Chess"]
[BlackTeam "CE Vitrolles"]

1. d4 Nf6 2. Nd2 c5 3. dxc5 e5 4. a3 Bxc5 5. b4 Bb6 6. Bb2 Bc7 7. Ngf3 d6 8. e4
a6 9. c4 O-O 10. Be2 Re8 11. O-O Nbd7 12. Rc1 b6 13. Bd3 Bb7 14. Qe2 a5 15.
Rfd1 Qe7 16. Nf1 Rac8 17. Qc2 Bb8 18. Qb1 axb4 19. axb4 b5 20. Ng3 g6 21. cxb5
Rxc1 22. Rxc1 d5 23. Ba1 d4 24. Nd2 Bd6 25. Rc2 Bxb4 26. Rb2 Bc3 27. Ra2 Bxd2
28. Rxd2 Nb6 29. Qb3 Rc8 30. Bb2 Qd7 31. f3 Ne8 32. Ba3 Nd6 33. Qb4 Ndc4 34.
Rc2 Nxa3 35. Rxc8+ Bxc8 36. Qxa3 Qb7 37. Qc5 Qb8 38. Ne2 Bd7 39. Nc1 Na4 40.
Qb4 Nc3 41. b6 Qb7 42. Qd6 Bc6 43. Qd8+ Kg7 44. Qc7 Qxc7 45. bxc7 Bb7 46. Nb3
Na4 47. Na5 Bc8 48. Nc6 Nb6 49. Nxe5 Bb7 50. Bb5 Na8 51. Bc6 Bxc6 52. c8=Q 1-0

[Event "Open Vitrolles 2022/2023"]
[Site "Vitrolles"]
[Date "2023.01.07"]
[Round "4.3"]
[White "Roger, Patrick"]
[Black "Mangin, Raphael"]
[Result "1-0"]
[WhiteElo "1550"]
[BlackElo "1458"]
[PlyCount "108"]
[WhiteTeam "La Tour Hyéroise"]
[BlackTeam "Club d'Echecs de Meyreuil"]

1. e4 c5 2. c3 Nc6 3. Nf3 g6 4. d4 cxd4 5. cxd4 Bg7 6. Nc3 d6 7. h3 Nf6 8. Bb5
O-O 9. O-O d5 10. e5 Ne8 11. Re1 Nc7 12. Bf1 Ne6 13. Be3 Qa5 14. a3 Rd8 15. b4
Qb6 16. Na4 Qc7 17. Rc1 Qd7 18. Nc5 Nxc5 19. Rxc5 b6 20. Rc3 Bb7 21. Qd2 Rac8
22. Rec1 a5 23. Bb5 axb4 24. axb4 Rc7 25. Bh6 Rdc8 26. Bxg7 Kxg7 27. Qf4 Qf5
28. Qxf5 gxf5 29. e6 f6 30. Nh4 f4 31. Nf5+ Kg6 32. Nxe7+ Rxe7 33. Bxc6 Rec7
34. Be8+ Rxe8 35. Rxc7 Ba6 36. R1c6 Kf5 37. Rxb6 Rxe6 38. Rxe6 Kxe6 39. Rxh7
Kf5 40. f3 Ke6 41. Ra7 Bc4 42. Ra1 Kd6 43. Rb1 Bb5 44. Rc1 Bc4 45. Re1 Kd7 46.
h4 Bd3 47. Kh2 Bf5 48. Ra1 Kd6 49. Ra6+ Ke7 50. b5 Bd7 51. b6 Kd8 52. Ra8+ Ke7
53. b7 Kd6 54. b8=Q+ Kc6 1-0

[Event "Open Vitrolles 2022/2023"]
[Site "Vitrolles"]
[Date "2023.01.07"]
[Round "4.4"]
[White "Frailinu, Jean-Bernard"]
[Black "Cens, Alain"]
[Result "1/2-1/2"]
[WhiteElo "1407"]
[BlackElo "1483"]
[PlyCount "143"]
[WhiteTeam "Club d'Echecs de Miramas"]
[BlackTeam "Echiquier Pierreverdant"]

1. c4 e5 2. Nf3 e4 3. Nd4 Nc6 4. Nb3 Nf6 5. Nc3 d6 6. d3 exd3 7. exd3 Be7 8.
Be2 h6 9. O-O O-O 10. Bf3 Ne5 11. Be2 Re8 12. Re1 Bf5 13. d4 Nc6 14. Bf3 Qd7
15. a3 Bf8 16. Be3 Ng4 17. Bf4 Rxe1+ 18. Qxe1 Bc2 19. Bxc6 Qxc6 20. Nd2 Re8 21.
Qc1 Bh7 22. h3 Nf6 23. b4 g5 24. Be3 Bg7 25. d5 Qd7 26. Qd1 Ne4 27. Ndxe4 Bxe4
28. Rc1 Bh7 29. Qd2 f5 30. Bd4 a6 31. Bxg7 Qxg7 32. Ne2 Qe5 33. Nd4 Bg6 34. Ne6
Re7 35. Re1 Qf6 36. Re3 f4 37. Re2 Bf5 38. Qe1 Bd3 39. Rd2 Bxc4 40. Qc1 Bxd5
41. Nxc7 Bf7 42. Nd5 Bxd5 43. Rxd5 Qe6 44. Qd1 Qe1+ 45. Kh2 Qxf2 46. Qf3 Qxf3
47. gxf3 Re2+ 48. Kg1 Re3 49. Kf2 Rxa3 50. Rxd6 Rb3 51. Rxh6 Rxb4 52. Rg6+ Kf7
53. Rxg5 Kf6 54. h4 b6 55. Rg4 Rc4 56. Ke2 Ke5 57. Rg5+ Kf6 58. Kd3 Rc5 59. Rg4
Rf5 60. Ke4 a5 61. Rg8 Kf7 62. Rb8 Rf6 63. h5 Rh6 64. Kxf4 Rxh5 65. Rxb6 Rc5
66. Kg4 Rc1 67. Ra6 Ra1 68. f4 a4 69. Kf5 a3 70. Ra7+ Ke8 71. Kf6 a2 72. f5
1/2-1/2

[Event "Open Vitrolles 2022/2023"]
[Site "Vitrolles"]
[Date "2023.01.07"]
[Round "4.5"]
[White "Bregier, Gerard"]
[Black "Mata, Thierry"]
[Result "0-1"]
[WhiteElo "1349"]
[BlackElo "1471"]
[PlyCount "76"]
[WhiteTeam "Salon Nostradamus"]
[BlackTeam "Club d'Echecs de Miramas"]

1. d4 d5 2. Nc3 Bf5 3. f3 Bg6 4. g4 e5 5. h4 f6 6. e4 Ne7 7. Bb5+ c6 8. Be2
dxe4 9. dxe5 Qxd1+ 10. Bxd1 fxe5 11. Nxe4 Nd5 12. Ne2 Nd7 13. Bd2 O-O-O 14. c4
N5f6 15. N2c3 Nxe4 16. Nxe4 Nc5 17. Bc2 Nd3+ 18. Ke2 Nf4+ 19. Bxf4 exf4 20.
Rhd1 Be7 21. h5 Bf7 22. b3 h6 23. c5 Rhe8 24. Kf2 Bd5 25. Nc3 Bxc5+ 26. Kg2 Bg8
27. Ne4 Bb6 28. Bd3 Kb8 29. Bc4 Bd5 30. Re1 Be3 31. Rad1 Kc7 32. Nc3 Bxc4 33.
bxc4 b6 34. Ne4 a6 35. g5 hxg5 36. Nxg5 Rxd1 37. Rxd1 Re5 38. h6 Rxg5+ 0-1

[Event "Open Vitrolles 2022/2023"]
[Site "Vitrolles"]
[Date "2023.01.07"]
[Round "4.6"]
[White "Scamaroni, Jean-Paul"]
[Black "Coquet, Bruno"]
[Result "1-0"]
[WhiteElo "1446"]
[BlackElo "1159"]
[PlyCount "66"]
[WhiteTeam "CE Vitrolles"]
[BlackTeam "CE Vitrolles"]

1. d4 d5 2. c4 e5 3. dxe5 d4 4. Nf3 Nc6 5. g3 Nge7 6. Bg2 Ng6 7. O-O Ngxe5 8.
Nxe5 Nxe5 9. b3 c6 10. Bb2 Bc5 11. Nd2 Bf5 12. Ne4 Bb6 13. Rc1 Bxe4 14. Bxe4
Bc5 15. a3 a5 16. Qc2 Qf6 17. b4 axb4 18. axb4 Bxb4 19. Bxd4 Nf3+ 20. Bxf3 Qxd4
21. Rfd1 Qb6 22. Qe4+ Be7 23. Rb1 Qc7 24. Rxb7 Qxb7 25. Qxc6+ Qxc6 26. Bxc6+
Kf8 27. Bxa8 g6 28. Rd7 Kg7 29. Bd5 Re8 30. c5 Bxc5 31. Rxf7+ Kh6 32. e3 Re5
33. Rd7 Kg5 1-0

[Event "Open Vitrolles 2022/2023"]
[Site "Vitrolles"]
[Date "2023.01.07"]
[Round "4.7"]
[White "Briquet, Xavier"]
[Black "Piquemal, Jean-Christophe"]
[Result "1-0"]
[WhiteElo "1402"]
[BlackElo "1204"]
[PlyCount "65"]
[WhiteTeam "Club d'Echecs de Miramas"]
[BlackTeam "Marseille-Echecs"]

1. e4 d5 2. exd5 Nf6 3. Nc3 Nxd5 4. Nxd5 Qxd5 5. Nf3 Bg4 6. Be2 e6 7. d4 Be7 8.
h3 Bh5 9. g4 Bg6 10. c4 Qe4 11. O-O Qc2 12. Bf4 Qxd1 13. Rfxd1 Bd6 14. Ne5 O-O
15. Nxg6 fxg6 16. Bxd6 cxd6 17. Kg2 Nd7 18. Bf3 Rab8 19. b4 b5 20. cxb5 Rxb5
21. Bc6 Rxb4 22. Bxd7 Rf6 23. Rab1 Rb6 24. Rxb6 axb6 25. Rb1 Rf4 26. Bxe6+ Kf8
27. d5 Ra4 28. Rxb6 Rxa2 29. Rxd6 Ke7 30. Rd7+ Kf6 31. h4 h6 32. Rf7+ Ke5 33.
Rxg7 1-0

[Event "Open Vitrolles 2022/2023"]
[Site "Vitrolles"]
[Date "2023.01.07"]
[Round "4.8"]
[White "Bouriel, Michel"]
[Black "De Moura Navalho, Joao-Curtis"]
[Result "1-0"]
[WhiteElo "1323"]
[BlackElo "1166"]
[PlyCount "69"]
[WhiteTeam "CE Vitrolles"]
[BlackTeam "Hay Chess"]

1. c4 e5 2. Nc3 Nf6 3. Nf3 Nc6 4. g3 Bc5 5. Bg2 d6 6. O-O O-O 7. d3 h6 8. a3 a6
9. b4 Ba7 10. Bb2 Bg4 11. Rb1 Rb8 12. h3 Bh5 13. Nh4 Nd4 14. g4 Bg6 15. Nxg6
fxg6 16. e3 Ne6 17. Qb3 Kh8 18. Qc2 h5 19. Qe2 hxg4 20. hxg4 Ng8 21. f3 Nh6 22.
Rbd1 Qh4 23. Ne4 Nf4 24. Qd2 Kh7 25. d4 Nxg2 26. Kxg2 exd4 27. exd4 Qe7 28.
Rde1 Kg8 29. Ng5 Qd7 30. Ne6 Rf7 31. d5 Re8 32. Bxg7 Rxg7 33. Qxh6 Bd4 34. Nxd4
Rxe1 35. Rxe1 1-0

[Event "Open Vitrolles 2022/2023"]
[Site "Vitrolles"]
[Date "2023.01.07"]
[Round "4.9"]
[White "Schoeni, Christine"]
[Black "Porte, Jacques"]
[Result "0-1"]
[WhiteElo "1199"]
[BlackElo "1152"]
[PlyCount "94"]
[WhiteTeam "CE Vitrolles"]
[BlackTeam "Club d'Echecs de Miramas"]

1. Nc3 d5 2. d4 e6 3. Nf3 Nf6 4. Ne5 Be7 5. e3 O-O 6. Be2 Nc6 7. a3 a6 8. O-O
Bd6 9. f4 Ne7 10. Bf3 b6 11. Bd2 Bb7 12. b3 Nf5 13. Qe1 c5 14. Ne2 Re8 15. c3
Nd7 16. Nxd7 Qxd7 17. a4 a5 18. Ng3 Ba6 19. Be2 Nxg3 20. hxg3 f5 21. Bxa6 Rxa6
22. Qe2 Raa8 23. Qb5 Qc7 24. Qe2 Qf7 25. Qf2 cxd4 26. cxd4 Qe7 27. Rfe1 Rac8
28. Rab1 Rc7 29. Rec1 Rec8 30. Rxc7 Rxc7 31. Qe1 g5 32. Rc1 Ba3 33. Rxc7 Qxc7
34. Kf2 Qc2 35. Ke2 Qxb3 36. fxg5 Qc4+ 37. Kf2 Qxa4 38. g4 fxg4 39. Kg3 Bb4 40.
Kxg4 Bxd2 41. Qxd2 Qb4 42. Kf3 Qxd2 43. g4 Qd3 44. Kf4 Qe4+ 45. Kg3 Qxe3+ 46.
Kh4 Qf4 47. Kh3 Qxd4 0-1

[Event "Open Vitrolles 2022/2023"]
[Site "Vitrolles"]
[Date "2023.01.07"]
[Round "4.10"]
[White "Javos, Yves-Andre"]
[Black "Cortes-Sobral, Maria"]
[Result "1-0"]
[WhiteElo "1294"]
[BlackElo "1199"]
[PlyCount "151"]
[WhiteTeam "Puy Ste Réparade"]
[BlackTeam "Marseille Passion Echecs"]

1. e4 Nc6 2. Nf3 e6 3. Nc3 Nf6 4. d4 Be7 5. Be3 d5 6. exd5 exd5 7. h3 Na5 8. a3
c6 9. b4 Nc4 10. Bxc4 dxc4 11. O-O O-O 12. Re1 Bf5 13. Bf4 Bd6 14. Bxd6 Qxd6
15. Re5 Be6 16. Ng5 Rae8 17. Nce4 Qd7 18. Nc5 Qc8 19. Ncxe6 fxe6 20. Qe2 h6 21.
Nxe6 Rf7 22. Qxc4 b5 23. Qd3 Rfe7 24. Nc5 Rxe5 25. dxe5 Rxe5 26. c4 Qe8 27.
cxb5 Re1+ 28. Rxe1 Qxe1+ 29. Kh2 Qe5+ 30. g3 Nd5 31. bxc6 Nc7 32. a4 Qf6 33. b5
Qxf2+ 34. Kh1 Qxc5 35. Qd8+ Kh7 36. Qxc7 Qd5+ 37. Kg1 Qd4+ 38. Kg2 Qe4+ 39. Kf2
Qd4+ 40. Ke2 Qc4+ 41. Ke3 Qe6+ 42. Kd4 Qf6+ 43. Kc5 Qe6 44. Kb4 Qe1+ 45. Kc5
Qf2+ 46. Kd6 Qxg3+ 47. Kd7 Qxh3+ 48. Kd8 Qh4+ 49. Kc8 Qf6 50. Qxa7 Qf8+ 51. Kb7
Qe7+ 52. c7 Qe4+ 53. Ka6 Qe6+ 54. Qb6 Qc8+ 55. Qb7 Qe6+ 56. Ka7 Qe3+ 57. Kb8
Qe8+ 58. c8=Q Qe5+ 59. Qcc7 Qe8+ 60. Ka7 Qe3+ 61. b6 Qg5 62. Qxg7+ Qxg7 63.
Qxg7+ Kxg7 64. b7 Kg6 65. b8=Q Kg5 66. Qh2 h5 67. Kb6 h4 68. a5 Kg4 69. a6 Kg5
70. a7 h3 71. a8=Q Kh4 72. Qh8+ Kg4 73. Q2xh3+ Kf4 74. Kc5 Kg5 75. Kd5 Kf4 76.
Qe5# 1-0

[Event "Open Vitrolles 2022/2023"]
[Site "Vitrolles"]
[Date "2023.01.07"]
[Round "4.11"]
[White "Daubord, Christophe"]
[Black "Guillaud, Florence"]
[Result "0-1"]
[WhiteElo "1199"]
[BlackElo "1199"]
[PlyCount "38"]
[WhiteTeam "CE Vitrolles"]
[BlackTeam "Marseille Passion Echecs"]

1. e4 c6 2. Nc3 d5 3. Qe2 d4 4. Na4 e5 5. b3 Nf6 6. Bb2 b5 7. Nc3 dxc3 8. Bxc3
Nbd7 9. O-O-O b4 10. Bb2 Qa5 11. Kb1 Ba6 12. Qe1 Bxf1 13. Qxf1 Nxe4 14. Nf3 Qc5
15. d4 Nc3+ 16. Ka1 Qa5 17. a4 bxa3 18. Bxc3 Qxc3+ 19. Kb1 Qb2# 0-1

[Event "Open Vitrolles 2022/2023"]
[Site "Vitrolles"]
[Date "2023.01.21"]
[Round "5.1"]
[White "Mata, Thierry"]
[Black "Duval, Jean-Pierre"]
[Result "0-1"]
[WhiteElo "1471"]
[BlackElo "1622"]
[PlyCount "102"]

1. d4 e6 2. Nf3 b6 3. g3 Bb7 4. Bg2 d6 5. c4 Ne7 6. Nc3 g6 7. e4 Bg7 8. O-O O-O
9. Bg5 h6 10. Be3 Nd7 11. h4 Nf6 12. Nh2 a6 13. Re1 d5 14. cxd5 exd5 15. e5 Ne4
16. Qc2 Nxc3 17. bxc3 Nf5 18. Bf4 c5 19. dxc5 bxc5 20. Rab1 Qe7 21. Ng4 Bc6 22.
Rb6 Qc7 23. Reb1 Bb5 24. Bxd5 Qxb6 25. Bxa8 Rxa8 26. a4 Bxa4 27. Qe4 Bc6 28.
Qe1 Qd8 29. c4 Nd4 30. Qe3 h5 31. Bg5 Nf3+ 32. Qxf3 Bxf3 33. Bxd8 Bxg4 34. Bc7
Be2 35. Rc1 Rc8 36. Bd6 Bf8 37. Rc2 Bxd6 38. Rxe2 Re8 39. Ra2 Bxe5 40. Rxa6 Bd4
41. Kf1 Rb8 42. Ra2 Rb2 43. Rxb2 Bxb2 44. Ke2 Kg7 45. Kf3 Kf6 46. Kf4 Bd4 47.
f3 Be5+ 48. Ke4 Bxg3 49. Kd5 Bxh4 50. Kxc5 Bf2+ 51. Kd5 h4 0-1

[Event "Open Vitrolles 2022/2023"]
[Site "Vitrolles"]
[Date "2023.01.21"]
[Round "5.3"]
[White "Scamaroni, Jean-Paul"]
[Black "Roger, Patrick"]
[Result "0-1"]
[WhiteClub "CE Vitrolles"]
[BlackClub "La Tour Hyéroise"]
[WhiteElo "1446"]
[BlackElo "1550"]
[PlyCount "50"]

1. d4 d5 2. c4 e6 3. Nc3 Nf6 4. Bg5 Be7 5. e3 O-O 6. Nf3 c6 7. Bd3 Nbd7 8. Rc1
dxc4 9. Bxc4 b5 10. Bd3 Bb7 11. O-O a6 12. Bxf6 Nxf6 13. Ne4 Nxe4 14. Bxe4 Rc8
15. Qc2 f5 16. Bd3 c5 17. Qe2 c4 18. Bb1 Qd5 19. Rfd1 g5 20. Ne1 h5 21. f4 Rf7
22. Rc2 h4 23. Rcd2 Rc7 24. Qf1 h3 25. g3 Qh1+ *

[Event "Open Vitrolles 2022/2023"]
[Site "Vitrolles"]
[Date "2023.01.21"]
[Round "5.4"]
[White "Benoit-Lizon, Alain"]
[Black "Frailinu, Jean-Bernard"]
[Result "0-1"]
[WhiteElo "1395"]
[BlackElo "1407"]
[PlyCount "86"]

1. e4 e6 2. d4 d5 3. Nc3 Nf6 4. e5 Nfd7 5. f4 c5 6. Nf3 Nc6 7. Be3 Qb6 8. Na4
Qa5+ 9. c3 cxd4 10. Nxd4 Be7 11. Nxc6 bxc6 12. Bd3 c5 13. O-O Nb6 14. Nxb6 axb6
15. Qc2 Ba6 16. c4 Bb7 17. f5 d4 18. Bd2 Qa4 19. b3 Qc6 20. Bf4 Ra7 21. fxe6
Qxe6 22. Rae1 g6 23. Bh6 Bf8 24. Bxf8 Rxf8 25. Rf6 Qg4 26. e6 Ke7 27. Ref1 Qg5
28. Qf2 Qe3 29. Qxe3 dxe3 30. exf7 Rxa2 31. Rxb6 Rxg2+ 32. Kh1 Ba8 33. Re1 Rd2+
34. Kg1 Rxd3 35. Ra6 Be4 36. Ra7+ Kf6 37. Ra6+ Kxf7 38. Ra7+ Kg8 39. Re7 Rf4
40. Re8+ Kf7 41. Rc8 Rxb3 42. Rxc5 Rg4+ 43. Kf1 Bd3+ 0-1

[Event "Open Vitrolles 2022/2023"]
[Site "Vitrolles"]
[Date "2023.01.21"]
[Round "5.5"]
[White "Cens, Alain"]
[Black "Bregier, Gerard"]
[Result "1/2-1/2"]
[WhiteElo "1483"]
[BlackElo "1349"]
[PlyCount "62"]

1. c4 c6 2.g3 d5 3. b3 Nf6 4. Bg2 Bf5 5. Nf3 Nbd7 6. Bb2 e6 7. d3 Bb4+ 8. Nbd2 O-O 9. O-O
Re8 10. Nh4 Bg4 11. Nhf3 Bd6 12. e4 e5 13. Qc2 Rc8 14. a3 d4 15. b4 b5 16. c5
Bc7 17. h3 Be6 18. Nh2 Nh5 19. Ndf3 Ndf6 20. Bc1 Qd7 21. Ng5 h6 22. Nxe6 Rxe6
23. Nf3 Nh7 24. Nh4 Bd8 25. Nf5 Bg5 26. h4 Bxc1 27. Qxc1 Rg6 28. Bh3 Kf8 29.
Kh2 Qd8 30. Qd2 N7f6 31. f3 Rc7 1/2-1/2

[Event "Open Vitrolles 2022/2023"]
[Site "Vitrolles"]
[Date "2023.01.21"]
[Round "5.6"]
[White "Mangin, Raphael"]
[Black "Javos, Yves-Andre"]
[Result "1-0"]
[WhiteElo "1458"]
[BlackElo "1294"]
[PlyCount "61"]
[WhiteTeam "Club d'Echecs de Meyreuil"]
[BlackTeam "Puy Ste RÃ©parade"]

1. d4 d5 2. c4 Nf6 3. cxd5 Nxd5 4. e4 Nb6 5. Nf3 e6 6. Nc3 Be7 7. Be2 O-O 8.
O-O h6 9. Bf4 a6 10. Rc1 c5 11. d5 exd5 12. exd5 Re8 13. Qb3 Bf6 14. Bc4 Nxc4
15. Qxc4 Bg4 16. Qd3 c4 17. Qxc4 Bxf3 18. gxf3 Be5 19. Bxe5 Rxe5 20. Rfe1 b5
21. Qf4 Rxe1+ 22. Rxe1 Nd7 23. d6 Nc5 24. Re7 Qf8 25. Ne4 Ne6 26. Qg3 f5 27.
Rxe6 fxe4 28. fxe4 Kh7 29. Qg6+ Kh8 30. d7 Rd8 31. Re8 1-0

[Event "Open Vitrolles 2022/2023"]
[Site "Vitrolles"]
[Date "2023.01.21"]
[Round "5.7"]
[White "Porte, Jacques"]
[Black "Briquet, Xavier"]
[Result "0-1"]
[WhiteElo "1152"]
[BlackElo "1402"]
[PlyCount "46"]
[WhiteTeam "Club d'Echecs de Miramas"]
[BlackTeam "Club d'Echecs de Miramas"]

1. d4 Nf6 2. c4 c5 3. Nf3 b5 4. d5 bxc4 5. Nc3 d6 6. e4 e6 7. Bxc4 Bd7 8. O-O
Be7 9. Bg5 h6 10. Bh4 O-O 11. Qd2 Nxe4 12. Nxe4 Bxh4 13. Nxd6 Be7 14. Ne4 exd5
15. Bxd5 Bc6 16. Bxc6 Nxc6 17. Qc2 Rc8 18. Rad1 Nd4 19. Nxd4 cxd4 20. a3 Rxc2
21. Rxd4 Qb6 22. b4 Rfc8 23. Rfd1 Rc1 0-1